Score 0/20 Timer 05:00
0 Plays Today
Hint Answer % Correct
Rouen???
75%
Caen???
74.8%
Dieppe???
74.6%
Le Havre???
74.2%
Cherbourg???
65.5%
Honfleur???
51.7%
Alençon???
45.6%
Lisieux???
45.3%
Montebourg???
41.7%
Elbeuf???
38.3%
Hint Answer % Correct
Evreux???
33.5%
Yvetot???
33.5%
Livarot???
32.4%
Ouistreham???
29.7%
Pont-Audemer???
22%
Pont-l'Éveque???
21.2%
Mortagne-au-Perche???
21.2%
Neufchâtel-en-Bray???
20.6%
Eu???
17.6%
Bihorel???
9.1%
Remove Ads.
Support Sporcle.
Get the best of Sporcle when you Go Orange. This ad-free experience offers more features, more stats, and more fun while also helping to support Sporcle. Thank you for becoming a member.

You're not logged in!

Compare scores with friends on all Sporcle quizzes.
OR
Log In

Show Comments

Extras

Created Nov 24, 2020ReportNominate
Tags:commune, des, les, nom

Top Quizzes Today


Score Distribution

Your Account Isn't Verified!

In order to create a playlist on Sporcle, you need to verify the email address you used during registration. Go to your Sporcle Settings to finish the process.

Report this User

Report this user for behavior that violates our Community Guidelines.

Details: